000
00326nam a22001457a 4500
008
230203b ||||| |||| 00| 0 eng d
020
_a
00071536
041
_a
eng
080
_2
VOLUME 74
_a
573
082
_a
573SUT
100
_a
14
101
_a
BIO
245
_a
BRITISH MYCOLOGICAL SOCIETY
_c
SUTTON C B
942
_2
udc
_c
BK
999
_c
59297
_d
59297